E-habits : (Record no. 50851)

MARC details
000 -LEADER
fixed length control field 01458nam a22003017a 4500
005 - DATE AND TIME OF LATEST TRANSACTION
control field 20110301154746.0
008 - FIXED-LENGTH DATA ELEMENTS--GENERAL INFORMATION
fixed length control field 110301t xxu||||| |||| 00| 0 eng d
010 ## - LCCN (DPL NO)
LC control number ENG-102070
020 ## - INTERNATIONAL STANDARD BOOK NUMBER
International Standard Book Number 9780071070959
Terms of availability 395.00
020 ## - INTERNATIONAL STANDARD BOOK NUMBER
International Standard Book Number 0071070958
Terms of availability 395.00
035 ## - SYSTEM CONTROL NUMBER
System control number EN-85603
037 ## - SOURCE OF ACQUISITION
Source of stock number/acquisition DBAD/PUB
040 ## - CATALOGING SOURCE
Original cataloging agency dpl
Language of cataloging Eng
082 00 - DEWEY DECIMAL CLASSIFICATION NUMBER
Classification number 302.234
Edition number 22
100 1# - MAIN ENTRY--PERSONAL NAME
Personal name Charnock, Elizabeth
9 (RLIN) 26363
245 10 - TITLE STATEMENT
Title E-habits :
Remainder of title what you must do to optimize your professional digital presence /
Statement of responsibility, etc by Elizabeth Charnock
260 ## - PUBLICATION, DISTRIBUTION, ETC. (IMPRINT)
Place of publication, distribution, etc New Delhi
Name of publisher, distributor, etc Tata McGraw-Hill
Date of publication, distribution, etc c2010
270 ## - ADDRESS
Address 7, West Patel Nagar
City New Delhi
Postal code 110008
300 ## - PHYSICAL DESCRIPTION
Extent vi, 250 p. :
Other physical details ill.
Dimensions 22 cm (pbk)
500 ## - GENERAL NOTE
General note Includes index
505 0# - FORMATTED CONTENTS NOTE
Formatted contents note The digital you -- The digital you at work -- Actions speak louder than words -- Annoying digital you character traits -- The digital you in a bad mood -- Love, sex, romance and the digital you -- When the spotlight shines on you -- The twists and turns of the digital grapevine -- Can the digital you improve the real you?.
650 #0 - SUBJECT ADDED ENTRY--TOPICAL TERM
Topical term or geographic name as entry element Digital communications.
9 (RLIN) 26364
650 #0 - SUBJECT ADDED ENTRY--TOPICAL TERM
Topical term or geographic name as entry element Digital media.
9 (RLIN) 26365
650 #0 - SUBJECT ADDED ENTRY--TOPICAL TERM
Topical term or geographic name as entry element Work environment.
9 (RLIN) 26366
942 ## - ADDED ENTRY ELEMENTS (KOHA)
Source of classification or shelving scheme Dewey Decimal Classification
Item type English Books
Classification part 302.234
Call number suffix CHA
Holdings
Withdrawn status Lost status Source of classification or shelving scheme Damaged status Not for loan Collection code Home library Current library Date acquired Source of acquisition Cost, normal purchase price Total Checkouts Full call number Barcode Date last seen Copy number Cost, replacement price Koha item type
    Dewey Decimal Classification   Not For Loan Non-fiction D.B.Act.Division D.B.Act.Division 01/03/2011 DBAD/PUB 395.00   302.234 CHA EN-85603 01/03/2011 1 395.00 English Books

© Delhi Public Library
Hit Counter
free hit counter